[Event "Lisbon Simoes Memorial 3rd"]
[Site "Lisbon"]
[Date "2019.10.02"]
[Round "1"]
[White "Galvao, Henrique Mario Chav"]
[Black "Rente, Helder Jose Pereira"]
[Result "1-0"]
[WhiteElo "2139"]
[BlackElo "1615"]
[PlyCount "26"]
[EventDate "2019.10.02"]
[EventType "swiss"]
[EventRounds "5"]
[EventCountry "POR"]
[SourceTitle "CBM 192 Extra"]
[Source "Chessbase"]
[SourceDate "2019.11.06"]
[SourceVersion "1"]
[SourceVersionDate "2019.11.06"]
[SourceQuality "1"]

1. e4 Nc6 2. d4 e5 3. dxe5 Nxe5 4. f4 Ng6 5. Nf3 Bc5 6. Bc4 d6 7. Nc3 Nf6 8. f5 Ne7 9. e5 Ng4 10. Bxf7+ Kxf7 11. Ng5+ Kg8 12. Qxg4 Bxf5 13. Qc4+ Kf8 1-0

[Event "POR-ch University"]
[Site "Guimaraes"]
[Date "2002.05.08"]
[Round "9.2"]
[White "Rente, Helder Jose Pereira"]
[Black "Costa, Paulo Jorge Lopes"]
[Result "0-1"]
[WhiteElo "1829"]
[BlackElo "2180"]
[PlyCount "88"]
[EventDate "2002.05.06"]
[EventType "swiss"]
[EventRounds "11"]
[EventCountry "POR"]
[SourceTitle "CBM 088 Extra"]
[Source "ChessBase"]
[SourceDate "2002.07.01"]
[SourceVersion "2"]
[SourceVersionDate "2002.07.01"]
[SourceQuality "1"]

1. e4 c5 2. Nf3 d6 3. Bc4 e6 4. Nc3 a6 5. a4 Nc6 6. 0-0 Nf6 7. d3 Be7 8. Re1 0-0 9. e5 dxe5 10. Nxe5 Nxe5 11. Rxe5 Bd6 12. Re1 Qc7 13. g3 Bd7 14. Bg5 Be7 15. Ne4 Nxe4 16. Bxe7 Rfe8 17. dxe4 Rxe7 18. b3 Bc6 19. Bd3 Rd8 20. Qh5 e5 21. Rad1 b5 22. axb5 axb5 23. Qe2 Red7 24. Qe3 Rd4 25. c3 R4d7 26. Be2 Rxd1 27. Bxd1 Bb7 28. Bf3 b4 29. Bg2 h6 30. Bf1 Qd6 31. cxb4 cxb4 32. Bc4 Qd4 33. Qf3 Rd7 34. h4 Kf8 35. Re3 Qd1+ 36. Kg2 Qxf3+ 37. Kxf3 f5 38. Re1 Rd4 39. Ra1 Rxe4 40. g4 Rxc4+ 41. Kg3 Rxg4+ 42. Kh3 g5 43. hxg5 hxg5 44. Ra4 Rh4+ 0-1

[Event "POR-ch University"]
[Site "Guimaraes"]
[Date "2002.05.07"]
[Round "6.7"]
[White "Sousa, Nuno Miguel Vale"]
[Black "Rente, Helder Jose Pereira"]
[Result "0-1"]
[WhiteElo "1568"]
[BlackElo "1829"]
[PlyCount "44"]
[EventDate "2002.05.06"]
[EventType "swiss"]
[EventRounds "11"]
[EventCountry "POR"]
[SourceTitle "CBM 088 Extra"]
[Source "ChessBase"]
[SourceDate "2002.07.01"]
[SourceVersion "2"]
[SourceVersionDate "2002.07.01"]
[SourceQuality "1"]

1. e4 e5 2. Nf3 Nc6 3. d4 exd4 4. Nxd4 Nxd4 5. Qxd4 c5 6. Qe3 Nf6 7. f3 Be7 8. Nc3 0-0 9. b3 Re8 10. Qd2 d5 11. Nxd5 Nxd5 12. Qxd5 Qxd5 13. exd5 Bf6+ 14. Kf2 Bxa1 15. Be3 Bd4 16. Bxd4 cxd4 17. Bb5 Rd8 18. Re1 Bf5 19. Re8+ Rxe8 20. Bxe8 Rxe8 21. g4 Bxc2 22. d6 d3 0-1

[Event "POR-ch University"]
[Site "Guimaraes"]
[Date "2002.05.06"]
[Round "4.10"]
[White "Rente, Helder Jose Pereira"]
[Black "Costa, Albino"]
[Result "1-0"]
[WhiteElo "1829"]
[BlackElo "1591"]
[PlyCount "65"]
[EventDate "2002.05.06"]
[EventType "swiss"]
[EventRounds "11"]
[EventCountry "POR"]
[SourceTitle "CBM 088 Extra"]
[Source "ChessBase"]
[SourceDate "2002.07.01"]
[SourceVersion "2"]
[SourceVersionDate "2002.07.01"]
[SourceQuality "1"]

1. e4 e5 2. Nf3 Nc6 3. Bc4 Bc5 4. d3 Nf6 5. Bg5 h6 6. Bh4 d6 7. Nc3 Bb4 8. 0-0 Bxc3 9. bxc3 Bg4 10. h3 Bxf3 11. Qxf3 g5 12. Bg3 Rf8 13. Rab1 b6 14. Bb5 Qe7 15. Bxc6+ Kd8 16. Bxa8 Kd7 17. Bd5 Nxd5 18. exd5 f5 19. Rfe1 Qe8 20. Bh2 h5 21. Qe2 Rg8 22. d4 e4 23. Qb5+ Ke7 24. Qxe8+ Kxe8 25. c4 a6 26. c5 b5 27. cxd6 cxd6 28. Bxd6 Kd7 29. Bc5 Rc8 30. f3 Re8 31. fxe4 Rxe4 32. Rxe4 fxe4 33. Re1 1-0